| 000 | 01025nam a22003617a 4500 | ||
|---|---|---|---|
| 001 | 0002391 | ||
| 003 | KOHA_MİRAKIL | ||
| 005 | 20260207001312.0 | ||
| 007 | ta | ||
| 008 | 090226b2004 tu |||gr||||#||||0|tur | | ||
| 020 | _a9752954286 | ||
| 040 |
_aTR-BiSEU _btur _cTR-BiSEU _erda |
||
| 041 | 0 | _atur | |
| 044 | _ctu | ||
| 050 |
_aTK7887.5 _b.K37 2004 |
||
| 100 | 1 | _aKarabulut, Sinan. | |
| 245 | 1 |
_aDonanım mimarisi/ _cSinan Karabulut ; Sinan Karabulut. |
|
| 250 | _a2. bs. | ||
| 264 | 1 |
_aİstanbul : _bBeta Basım Yayın Dağıtım _c2004 |
|
| 300 | _aIX, 496 [1] sayfa: resimli | ||
| 336 |
_ametin _btxt _2rdacontent |
||
| 337 |
_aaracısız _bn _2rdamedia |
||
| 338 |
_acilt _bnc _2rdacarrier |
||
| 490 | 1 |
_aYayım ; _vno. |
|
| 490 | 1 | _a1545. | |
| 490 | 1 |
_aBilgisayar dizisi ; _v249. |
|
| 500 | _aKaynakça var. | ||
| 650 | 0 |
_aBilgisayar giriş-çıkış donanımı. _92742 |
|
| 830 | 1 |
_aYayım ; _vno. _96913 |
|
| 830 | 1 |
_a1545. _96914 |
|
| 830 | 1 |
_aBilgisayar dizisi ; _v249. _92723 |
|
| 942 |
_2lcc _cBK |
||
| 999 |
_c2378 _d2378 |
||